Statistics for Left Handed words

Click here to take the quiz!

General Stats

  • This quiz has been taken 11 times
  • The average score is 9 of 20

Answer Stats

Hint Answer % Correct
Ride these on a surfboardwaves
100%
Trump posts 11-12 of these a daytweets
90%
1978 Movie, or, a thick oily substancegrease
90%
Female term for flight attendantstewardess
90%
One of the deadly sinsgreed
80%
Muhammad Ali thought he was thisgreatest
70%
Incantation used as a magic wordabracadabra
70%
A true friend will accept you, _____ and all.warts
50%
"Stay on ... " Y-Wing pilot from Star Warstarget
50%
Fuel your car / Careful when passinggas
40%
Kentucky Blue, Perennial Rye, Fine Fescue are types of thisgrass
40%
"We don't need no stinkin' ..."badges
30%
"Must go ... " Jurassic Park quotefaster
30%
According to Weezer, if you want to destroy it, "hold this thread as I walk away"sweater
20%
An automobile that's also a palindromeracecar
20%
Dramatic work using buffoonery and horseplayfarce
20%
Samwise Gamgee insisted to Gandalf that he didn't drop any of theseeaves
20%
A small waterfall does thiscascades
10%
Trim those unwanted plantsweedeater
10%
Noise repeated several times as an echoreverberate
10%

Score Distribution

Percentile by Number Answered

Percent of People with Each Score

Your Score History

You have not taken this quiz